Zelená logistika v malých a stredných podnikoch na Slovensku

Vymedzenie pojmu zelená logistika. Implementácia procesov zelenej logistiky do MaSP na Slovensku.

Gespeichert in:
Bibliographische Detailangaben
1. Verfasser: Malá, Denisa
Format: Buchkapitel
Sprache:Slowakisch
Schlagworte:
Tags: Tag hinzufügen
Keine Tags, Fügen Sie das erste Tag hinzu!

MARC

LEADER 00000naa a2200000 4500
001 0207179
005 20220322100700.4
041 0 |a slo 
044 |a SK 
245 1 0 |a Zelená logistika v malých a stredných podnikoch na Slovensku  |c Denisa Malá 
520 |a Vymedzenie pojmu zelená logistika. Implementácia procesov zelenej logistiky do MaSP na Slovensku. 
610 2 0 |a logistika zelená 
610 2 0 |a podnik malý 
610 2 0 |a podnik stredný 
610 2 0 |a Slovensko 
610 2 0 |a rozvoj trvalo udržateľný 
100 1 |a Malá, Denisa